[Event "BL 1920 (Women)"]
[Site "Germany"]
[Date "2020.02.02"]
[Round "6.6"]
[White "Boehm, Jana"]
[Black "Heinemann, Josefine"]
[Result "0-1"]
[WhiteElo "1996"]
[BlackElo "2310"]
[PlyCount "40"]
[EventDate "2019.09.14"]
[EventType "team-tourn"]
[EventRounds "11"]
[EventCountry "GER"]
[SourceTitle "CBM 195 Extra"]
[Source "ChessBase"]
[SourceDate "2020.05.31"]
[SourceVersion "1"]
[SourceVersionDate "2020.05.31"]
[SourceQuality "1"]
[WhiteTeam "Lehrte (W)"]
[BlackTeam "Baden-Baden (W)"]
[WhiteTeamCountry "GER"]
[BlackTeamCountry "GER"]

1. e4 c5 2. Nf3 d6 3. d4 cxd4 4. Nxd4 Nf6 5. Nc3 a6 6. Be3 e6 7. Be2 Nbd7 8. f4 b5 9. Bf3 Bb7 10. a3 Qc7 11. f5 e5 12. Nb3 h5 13. Qe2 Rc8 14. Rd1 Be7 15. h3 h4 16. Rg1 Kf8 17. g4 hxg3 18. Rxg3 d5 19. Nxd5 Bxd5 20. exd5 e4 0-1

[Event "BL 1920 (Women)"]
[Site "Germany"]
[Date "2020.02.01"]
[Round "5.6"]
[White "Moingt, Anne"]
[Black "Boehm, Jana"]
[Result "1-0"]
[WhiteElo "2068"]
[BlackElo "1996"]
[PlyCount "79"]
[EventDate "2019.09.14"]
[EventType "team-tourn"]
[EventRounds "11"]
[EventCountry "GER"]
[SourceTitle "CBM 195 Extra"]
[Source "ChessBase"]
[SourceDate "2020.05.31"]
[SourceVersion "1"]
[SourceVersionDate "2020.05.31"]
[SourceQuality "1"]
[WhiteTeam "Karlsruhe (W)"]
[BlackTeam "Lehrte (W)"]
[WhiteTeamCountry "GER"]
[BlackTeamCountry "GER"]

1. e4 e6 2. d4 d5 3. Nd2 Nf6 4. e5 Nfd7 5. Bd3 c5 6. c3 Nc6 7. Ne2 cxd4 8. cxd4 f6 9. exf6 Nxf6 10. Nf3 Bd6 11. 0-0 Qc7 12. Bg5 0-0 13. Bh4 Nh5 14. Nc3 a6 15. Re1 Nf4 16. Bb1 Bd7 17. Bg3 Rae8 18. Ng5 g6 19. Nxh7 Kxh7 20. Bxf4 Kg7 21. Qd3 Rf5 22. Bxd6 Qxd6 23. Ne2 Rf6 24. a3 Rh8 25. Qg3 Qf8 26. Bd3 Rh5 27. Rac1 Qf7 28. f4 Kf8 29. Qe3 Qh7 30. Qg3 Qg7 31. Bb1 Be8 32. Rcd1 g5 33. Rf1 g4 34. f5 exf5 35. Nf4 Rg5 36. Nxd5 Rf7 37. Nf4 Nxd4 38. Qc3 Rd7 39. Rxd4 Rxd4 40. Ne6+ 1-0

[Event "BL 1819 (Women)"]
[Site "Germany"]
[Date "2018.11.18"]
[Round "4.3"]
[White "Schmidt, Jessica"]
[Black "Boehm, Jana"]
[Result "0-1"]
[WhiteElo "2278"]
[BlackElo "2001"]
[PlyCount "96"]
[EventDate "2018.10.27"]
[EventType "team-tourn"]
[EventRounds "11"]
[EventCountry "GER"]
[SourceTitle "CBM 188 Extra"]
[Source "ChessBase"]
[SourceDate "2019.02.26"]
[SourceVersion "1"]
[SourceVersionDate "2019.02.26"]
[SourceQuality "1"]
[WhiteTeam "Karlsruhe (W)"]
[BlackTeam "Lehrte (W)"]
[WhiteTeamCountry "GER"]
[BlackTeamCountry "GER"]

1. d4 Nf6 2. Bg5 Ne4 3. Bf4 c5 4. Qd3 d5 5. e3 c4 6. Qe2 Nc6 7. f3 Qa5+ 8. c3 Nf6 9. g4 e6 10. h4 b5 11. Nh3 b4 12. Nf2 Bb7 13. Bg2 Be7 14. Bg3 h6 15. 0-0 Bd8 16. e4 Bc7 17. e5 Nh7 18. f4 b3 19. Na3 bxa2 20. Rxa2 Qb6 21. Raa1 Na5 22. f5 0-0-0 23. Qe3 Nb3 24. Rae1 Kb8 25. Nh3 Rhf8 26. Nf4 a6 27. Rf2 Rde8 28. fxe6 fxe6 29. Ref1 Bd8 30. Ng6 Rxf2 31. Rxf2 Be7 32. Qf4 Bxa3 33. bxa3 Bc6 34. Qf7 Qa5 35. Qxg7 Qxc3 36. Qxh7 Qxg3 37. Ne7 Bb5 38. Qf7 Nxd4 39. Nxd5 exd5 40. Qxd5 Nc6 41. Qd6+ Kc8 42. Rf7 Qe1+ 43. Bf1 Qg3+ 44. Bg2 Qe1+ 45. Bf1 Ne7 46. e6 c3 47. a4 Qe3+ 48. Rf2 Rf8 0-1

[Event "BL 1718 (Women)"]
[Site "Germany"]
[Date "2018.01.27"]
[Round "6.3"]
[White "Arakhamia Grant, Ketevan"]
[Black "Boehm, Jana"]
[Result "1/2-1/2"]
[WhiteElo "2369"]
[BlackElo "1979"]
[PlyCount "80"]
[EventDate "2017.10.01"]
[EventType "team-tourn"]
[EventRounds "11"]
[EventCountry "GER"]
[SourceTitle "EXT 2019"]
[Source "ChessBase"]
[SourceDate "2018.10.10"]
[SourceVersion "1"]
[SourceVersionDate "2018.10.10"]
[SourceQuality "1"]
[WhiteTeam "Baden-Baden (W)"]
[BlackTeam "Lehrte (W)"]
[WhiteTeamCountry "GER"]
[BlackTeamCountry "GER"]

1. e4 e6 2. d3 d5 3. Nd2 Nf6 4. Ngf3 c5 5. g3 Nc6 6. Bg2 Be7 7. 0-0 0-0 8. Re1 Qc7 9. Qe2 b5 10. c3 a5 11. e5 Nd7 12. Nf1 b4 13. h4 a4 14. c4 Nb6 15. Bf4 Ba6 16. b3 Bb7 17. h5 Rfd8 18. Ne3 dxc4 19. dxc4 Nd4 20. Nxd4 cxd4 21. Ng4 Bxg2 22. Kxg2 axb3 23. axb3 Ra3 24. Rab1 Nd7 25. h6 g6 26. Bc1 Ra5 27. Qf3 d3 28. Bb2 Bg5 29. Red1 Nc5 30. Nf6+ Kh8 31. Ne4 Nxe4 32. Qxe4 d2 33. Bd4 Bxh6 34. Qh4 Bg5 35. Qxg5 Rxd4 36. Rxd2 Rxd2 37. Qxd2 Qxe5 38. Re1 Qc5 39. Qb2+ Kg8 40. Qf6 Qd6 1/2-1/2

[Event "BL 1617 (Women)"]
[Site "Germany"]
[Date "2017.05.01"]
[Round "11.4"]
[White "Diederichs, Luise"]
[Black "Boehm, Jana"]
[Result "1/2-1/2"]
[WhiteElo "1971"]
[BlackElo "1904"]
[PlyCount "72"]
[EventDate "2016.10.22"]
[EventType "team-tourn"]
[EventRounds "11"]
[EventCountry "GER"]
[SourceTitle "EXT 2018"]
[Source "ChessBase"]
[SourceDate "2017.10.13"]
[SourceVersion "1"]
[SourceVersionDate "2017.10.13"]
[SourceQuality "1"]
[WhiteTeam "Harksheide (W)"]
[BlackTeam "Lehrte (W)"]
[WhiteTeamCountry "GER"]
[BlackTeamCountry "GER"]

1. c4 Nf6 2. Nc3 d5 3. cxd5 Nxd5 4. e4 Nxc3 5. bxc3 g6 6. d4 c5 7. Bc4 Bg7 8. Ne2 0-0 9. 0-0 Nc6 10. Be3 Bg4 11. f3 Bd7 12. dxc5 Na5 13. Qd3 Qc7 14. Bb3 Rfd8 15. Rad1 Rac8 16. Nd4 a6 17. Qe2 e5 18. Nc2 Bf8 19. Nb4 Nxb3 20. axb3 Be6 21. Nd5 Bxd5 22. exd5 Bxc5 23. c4 b5 24. Rc1 Bxe3+ 25. Qxe3 Qc5 26. Kf2 Kf8 27. Qxc5+ Rxc5 28. Ke3 Ke7 29. Kd3 a5 30. Ke4 Kd6 31. Kd3 Ke7 32. Ke4 Kd6 33. Kd3 f5 34. Rc2 Rdc8 35. Rfc1 R8c7 36. Rc3 Rc8 1/2-1/2

[Event "BL 1617 (Women)"]
[Site "Germany"]
[Date "2017.04.30"]
[Round "10.4"]
[White "Boehm, Jana"]
[Black "Schmidt, Jade"]
[Result "1-0"]
[WhiteElo "1904"]
[BlackElo "2082"]
[PlyCount "67"]
[EventDate "2016.10.22"]
[EventType "team-tourn"]
[EventRounds "11"]
[EventCountry "GER"]
[SourceTitle "EXT 2018"]
[Source "ChessBase"]
[SourceDate "2017.10.13"]
[SourceVersion "1"]
[SourceVersionDate "2017.10.13"]
[SourceQuality "1"]
[WhiteTeam "Lehrte (W)"]
[BlackTeam "Hamburger SK (W)"]
[WhiteTeamCountry "GER"]
[BlackTeamCountry "GER"]

1. e4 c5 2. Nf3 d6 3. d4 cxd4 4. Nxd4 Nf6 5. Nc3 Nc6 6. Bg5 e6 7. Qd2 a6 8. 0-0-0 Bd7 9. Kb1 b5 10. f3 Be7 11. h4 h6 12. Be3 Ne5 13. g4 b4 14. Nce2 Nc4 15. Qd3 Bb5 16. Nxb5 axb5 17. Nc1 Nd7 18. Qb3 Nxe3 19. Qxe3 Qa5 20. f4 Nc5 21. Bg2 Ra7 22. e5 d5 23. f5 Nd7 24. g5 Nb6 25. fxe6 fxe6 26. Qh3 hxg5 27. Qxe6 gxh4 28. Qc6+ Nd7 29. e6 Rh6 30. Qc8+ Bd8 31. exd7+ Kf8 32. Qc5+ Kg8 33. Qxd5+ Kh8 34. Rde1 1-0

[Event "GER-chT U20 Girls"]
[Site "Borken"]
[Date "2016.12.30"]
[Round "7.2"]
[White "Peglau, Sarah"]
[Black "Boehm, Jana"]
[Result "0-1"]
[WhiteElo "1411"]
[BlackElo "1982"]
[PlyCount "66"]
[EventDate "2016.12.27"]
[EventType "team-swiss"]
[EventRounds "7"]
[EventCountry "GER"]
[SourceTitle "EXT 2018"]
[Source "ChessBase"]
[SourceDate "2017.10.13"]
[SourceVersion "1"]
[SourceVersionDate "2017.10.13"]
[SourceQuality "1"]
[WhiteTeam "Bannewitz"]
[BlackTeam "Lehrte"]
[WhiteTeamCountry "GER"]
[BlackTeamCountry "GER"]

1. e4 e6 2. d4 d5 3. Nc3 Nf6 4. e5 Nfd7 5. Nce2 c5 6. c3 Nc6 7. f4 Be7 8. Nf3 b6 9. Be3 Ba6 10. Qc2 Rc8 11. 0-0-0 cxd4 12. Nexd4 Bxf1 13. Rdxf1 Nc5 14. f5 Qd7 15. Kb1 Ne4 16. Nd2 Nxd2+ 17. Qxd2 Nxe5 18. fxe6 fxe6 19. Bf4 Nc6 20. Nf3 0-0 21. Bg3 Bd6 22. Qd3 h6 23. Bxd6 Qxd6 24. h4 Rf4 25. g3 Rf7 26. g4 Rcf8 27. Kc2 Qg3 28. Rhg1 Qh3 29. Nd2 Qxd3+ 30. Kxd3 Rxf1 31. Nxf1 Rf2 32. Nd2 Ne5+ 33. Ke3 Rxd2 0-1

[Event "GER-chT U20 Girls"]
[Site "Borken"]
[Date "2016.12.28"]
[Round "4.2"]
[White "Boehm, Jana"]
[Black "Moses, Selina"]
[Result "0-1"]
[WhiteElo "1982"]
[BlackElo "1837"]
[PlyCount "116"]
[EventDate "2016.12.27"]
[EventType "team-swiss"]
[EventRounds "7"]
[EventCountry "GER"]
[SourceTitle "EXT 2018"]
[Source "ChessBase"]
[SourceDate "2017.10.13"]
[SourceVersion "1"]
[SourceVersionDate "2017.10.13"]
[SourceQuality "1"]
[WhiteTeam "Lehrte"]
[BlackTeam "Muldental Wilkau Hasslau"]
[WhiteTeamCountry "GER"]
[BlackTeamCountry "GER"]

1. e4 c5 2. Nf3 d6 3. d4 cxd4 4. Nxd4 Nf6 5. Nc3 a6 6. Be3 e6 7. Be2 Be7 8. 0-0 0-0 9. f4 Nc6 10. Kh1 Re8 11. g4 Bf8 12. g5 Nd7 13. Bc4 Nxd4 14. Bxd4 b5 15. Bd3 e5 16. Be3 exf4 17. Rxf4 Ne5 18. Nd5 Ng6 19. Rf2 Bb7 20. Qf3 Ne5 21. Qf5 Qc8 22. Bd4 Qxf5 23. Rxf5 Bxd5 24. exd5 Nxd3 25. cxd3 Rac8 26. Raf1 Re7 27. Bc3 g6 28. Rf6 Bg7 29. Rxd6 Bxc3 30. bxc3 Rxc3 31. Rxa6 Rxd3 32. Ra8+ Kg7 33. Rd8 Rd2 34. h4 Ree2 35. Rb1 Rh2+ 36. Kg1 Rdg2+ 37. Kf1 Rxa2 38. Kg1 Rxh4 39. Rd1 Raa4 40. Kf2 Rhd4 41. Rxd4 Rxd4 42. Ke3 Rd1 43. Ke2 Rg1 44. Kd3 Rxg5 45. Kd4 Rg1 46. Kc5 Rd1 47. Kd6 h5 48. Rb8 h4 49. Rxb5 h3 50. Rb2 g5 51. Ke5 f6+ 52. Ke6 Kg6 53. d6 g4 54. d7 Rxd7 55. Kxd7 g3 56. Rb3 g2 57. Rg3+ Kf5 58. Rf3+ Ke4 0-1

[Event "GER-chT U20 Girls"]
[Site "Borken"]
[Date "2016.12.27"]
[Round "1.2"]
[White "Boehm, Jana"]
[Black "Bosse, Lea"]
[Result "1-0"]
[WhiteElo "1982"]
[BlackElo "1704"]
[PlyCount "57"]
[EventDate "2016.12.27"]
[EventType "team-swiss"]
[EventRounds "7"]
[EventCountry "GER"]
[SourceTitle "EXT 2018"]
[Source "ChessBase"]
[SourceDate "2017.10.13"]
[SourceVersion "1"]
[SourceVersionDate "2017.10.13"]
[SourceQuality "1"]
[WhiteTeam "Lehrte"]
[BlackTeam "Forstenried"]
[WhiteTeamCountry "GER"]
[BlackTeamCountry "GER"]

1. e4 e6 2. d4 d5 3. Nd2 dxe4 4. Nxe4 Bd7 5. Nf3 Bc6 6. Bd3 Nd7 7. 0-0 Ngf6 8. Ng3 h5 9. Re1 h4 10. Nf5 h3 11. Ng5 Ng8 12. Nxh3 Ne7 13. Ng3 Nf6 14. Nf4 Qd7 15. c4 0-0-0 16. Be3 Kb8 17. b4 b6 18. b5 Bb7 19. a4 c6 20. Qe2 Nc8 21. Red1 Qc7 22. c5 cxb5 23. cxb6 Nxb6 24. Bxb5 Bd6 25. Rdc1 Qe7 26. Rab1 Ka8 27. Nd3 Rc8 28. Nc5 Bxc5 29. dxc5 1-0

[Event "GER-chT U20 Girls"]
[Site "Borken"]
[Date "2016.12.27"]
[Round "2.2"]
[White "Rosmait, Emily"]
[Black "Boehm, Jana"]
[Result "1/2-1/2"]
[WhiteElo "1897"]
[BlackElo "1982"]
[PlyCount "77"]
[EventDate "2016.12.27"]
[EventType "team-swiss"]
[EventRounds "7"]
[EventCountry "GER"]
[SourceTitle "EXT 2018"]
[Source "ChessBase"]
[SourceDate "2017.10.13"]
[SourceVersion "1"]
[SourceVersionDate "2017.10.13"]
[SourceQuality "1"]
[WhiteTeam "Norderstedt Harksheide"]
[BlackTeam "Lehrte"]
[WhiteTeamCountry "GER"]
[BlackTeamCountry "GER"]

1. e4 e6 2. d4 d5 3. Nd2 Nf6 4. e5 Nfd7 5. Bd3 c5 6. c3 Nc6 7. Ne2 cxd4 8. cxd4 f6 9. exf6 Nxf6 10. 0-0 Bd6 11. Nf3 Qc7 12. h3 0-0 13. Re1 Bd7 14. Be3 Rae8 15. Rc1 Qb8 16. Nc3 a6 17. Bb1 Re7 18. a3 Be8 19. Nd2 Nh5 20. b4 Bh2+ 21. Kh1 Bf4 22. Qe2 Rf6 23. Nb3 Bxe3 24. Qxe3 Bg6 25. Nc5 Bxb1 26. Rxb1 Qf8 27. Rb2 Nf4 28. Ne2 e5 29. dxe5 Rxe5 30. Qd2 Qe8 31. Kh2 d4 32. f3 Nxe2 33. Rxe2 b6 34. Nxa6 Rxe2 35. Qxe2 Qxe2 36. Rxe2 d3 37. Rd2 Rd6 38. b5 Ne5 39. Nb4 1/2-1/2

[Event "EU-ch U18 Girls 26th"]
[Site "Prague"]
[Date "2016.08.21"]
[Round "4"]
[White "Drogovoz, Irina"]
[Black "Boehm, Jana"]
[Result "1-0"]
[WhiteElo "2126"]
[BlackElo "1954"]
[PlyCount "57"]
[EventDate "2016.08.18"]
[EventType "swiss"]
[EventRounds "9"]
[EventCountry "CZE"]
[SourceTitle "CBM 174 Extra"]
[Source "ChessBase"]
[SourceDate "2016.10.10"]
[SourceVersion "1"]
[SourceVersionDate "2016.10.10"]
[SourceQuality "1"]

1. d4 Nf6 2. c4 g6 3. Nc3 d5 4. Qb3 dxc4 5. Qxc4 Be6 6. Qd3 c5 7. dxc5 Na6 8. Be3 Bg7 9. Bd4 0-0 10. a3 Nd7 11. Bxg7 Naxc5 12. Qe3 Kxg7 13. b4 Nb3 14. Rd1 Qb6 15. Qd3 Ne5 16. Qe4 Ng4 17. e3 Rac8 18. Na4 Qc7 19. Ne2 Bf5 20. Qf4 e5 21. Qf3 Bc2 22. Nec3 Bxd1 23. Qxd1 f5 24. Qxb3 e4 25. Be2 Nxh2 26. Nc5 Qe5 27. Ne6+ Kh8 28. Nxf8 Rxc3 29. Rxh2 1-0

[Event "GER-ch U18 Girls"]
[Site "Willingen"]
[Date "2016.05.20"]
[Round "8"]
[White "Boehm, Jana"]
[Black "Weis, Olga"]
[Result "1-0"]
[WhiteElo "1927"]
[BlackElo "1902"]
[PlyCount "37"]
[EventDate "2016.05.15"]
[EventType "swiss"]
[EventRounds "9"]
[EventCountry "GER"]
[SourceTitle "CBM 172 Extra"]
[Source "ChessBase"]
[SourceDate "2016.06.21"]
[SourceVersion "1"]
[SourceVersionDate "2016.06.21"]
[SourceQuality "1"]

1. e4 e5 2. Nf3 Nc6 3. Bb5 a6 4. Bxc6 dxc6 5. 0-0 Ne7 6. Nxe5 Qd4 7. Qh5 g6 8. Nf3 Qxe4 9. Qa5 Qf4 10. d3 Qd6 11. Nbd2 Bg7 12. Ne4 Qd8 13. Bg5 0-0 14. Bf6 Bf5 15. Qe5 Bxe4 16. Bxg7 Re8 17. dxe4 Nf5 18. Bf6 Rxe5 19. Bxd8 1-0

[Event "BL 1516 (Women)"]
[Site "Germany"]
[Date "2016.02.27"]
[Round "8.3"]
[White "Boehm, Jana"]
[Black "Kovalevskaya, Ekaterina"]
[Result "0-1"]
[WhiteElo "1939"]
[BlackElo "2464"]
[PlyCount "66"]
[EventDate "2015.09.26"]
[EventType "team-tourn"]
[EventRounds "11"]
[EventCountry "GER"]
[SourceTitle "EXT 2017"]
[Source "ChessBase"]
[SourceDate "2016.10.25"]
[SourceVersion "1"]
[SourceVersionDate "2016.10.25"]
[SourceQuality "1"]
[WhiteTeam "Lehrte (W)"]
[BlackTeam "Baden-Baden (W)"]
[WhiteTeamCountry "GER"]
[BlackTeamCountry "GER"]

1. e4 c5 2. Nf3 Nc6 3. d4 cxd4 4. Nxd4 e5 5. Nb5 d6 6. N1c3 a6 7. Na3 Be7 8. Be3 Nf6 9. Nc4 b5 10. Nb6 Rb8 11. Nxc8 Qxc8 12. f3 0-0 13. Be2 Rd8 14. Nd5 Nxd5 15. exd5 Nd4 16. Bxd4 exd4 17. Bd3 Qc5 18. Be4 Qb4+ 19. Qd2 Qxb2 20. 0-0 Qc3 21. Rfd1 Qxd2 22. Rxd2 Bf6 23. Rb1 Rdc8 24. Kf2 b4 25. f4 g6 26. Rdd1 a5 27. Kf3 Rc3+ 28. Bd3 Ra3 29. Rb2 Re8 30. Kf2 Rc3 31. Bb5 Re7 32. g3 d3 33. Ba4 Ra3 0-1

[Event "Niedersachsen-ch"]
[Site "Verden"]
[Date "2016.01.06"]
[Round "7"]
[White "Kewe, Stefan"]
[Black "Boehm, Jana"]
[Result "0-1"]
[WhiteElo "1906"]
[BlackElo "1930"]
[PlyCount "148"]
[EventDate "2016.01.03"]
[EventType "swiss"]
[EventRounds "7"]
[EventCountry "GER"]
[SourceTitle "EXT 2018"]
[Source "ChessBase"]
[SourceDate "2017.10.13"]
[SourceVersion "1"]
[SourceVersionDate "2017.10.13"]
[SourceQuality "1"]

1. d4 Nf6 2. Nf3 c5 3. c4 cxd4 4. Nxd4 e5 5. Nb5 d5 6. cxd5 Bc5 7. e3 0-0 8. N5c3 e4 9. Bc4 Qe7 10. 0-0 Bf5 11. a3 Nbd7 12. Ne2 Ne5 13. b3 Rfd8 14. Nbc3 Nfg4 15. Ng3 Bg6 16. h3 Nf6 17. Re1 a6 18. a4 Rac8 19. Bb2 Bb4 20. Qd4 Bc5 21. Qd2 h5 22. Rec1 h4 23. Nge2 Bd6 24. Nf4 Bf5 25. Be2 g5 26. Nh5 Nxh5 27. Bxh5 Nd3 28. Ne2 Nxc1 29. Rxc1 Rxc1+ 30. Qxc1 Be5 31. Nd4 Bd7 32. Qd1 Qd6 33. Bg4 Qxd5 34. Bxd7 Qxd7 35. Qh5 f6 36. Qg6+ Kh8 37. Qxe4 Qe7 38. Qg6 Qh7 39. Qxh7+ Kxh7 40. Kf1 Kg6 41. Ke2 Bxd4 42. Bxd4 Kf5 43. Kd3 Rc8 44. Bc3 Ke6 45. e4 Rc6 46. a5 Kd7 47. b4 Ke6 48. Bd4 Rc1 49. Ke3 Rc4 50. Bc5 Ke5 51. Kf3 Rxe4 52. g3 Rc4 53. gxh4 Rxh4 54. Kg3 Rc4 55. Kf3 Ke6 56. Kg3 f5 57. Kf3 Rc3+ 58. Kg2 Rb3 59. Bf8 Ke5 60. Bc5 Ke4 61. Be7 f4 62. Bc5 Kf5 63. Be7 g4 64. h4 Ke6 65. Bg5 Rxb4 66. Bd8 Rb3 67. Bg5 Kf5 68. Bd8 Kg6 69. Bc7 Rb4 70. Bd8 Kh5 71. Bg5 b5 72. axb6 Rxb6 73. Bxf4 Kxh4 74. Be3 Rb3 0-1

[Event "Niedersachsen-ch"]
[Site "Verden"]
[Date "2016.01.05"]
[Round "6"]
[White "Boehm, Jana"]
[Black "Renner, Kai"]
[Result "0-1"]
[WhiteElo "1930"]
[BlackElo "2248"]
[PlyCount "46"]
[EventDate "2016.01.03"]
[EventType "swiss"]
[EventRounds "7"]
[EventCountry "GER"]
[SourceTitle "EXT 2018"]
[Source "ChessBase"]
[SourceDate "2017.10.13"]
[SourceVersion "1"]
[SourceVersionDate "2017.10.13"]
[SourceQuality "1"]

1. e4 e6 2. d4 d5 3. Nd2 Be7 4. c3 c5 5. Ngf3 Nf6 6. Bd3 Nc6 7. e5 Nd7 8. Bb1 a5 9. Nb3 cxd4 10. cxd4 a4 11. Nbd2 Qb6 12. Bc2 Nxd4 13. Bxa4 Nxf3+ 14. gxf3 Qd4 15. Bxd7+ Bxd7 16. Qe2 0-0 17. 0-0 f6 18. Qe3 Qxe5 19. f4 Qf5 20. Nf3 Bd6 21. Bd2 e5 22. fxe5 fxe5 23. Ne1 Bb5 0-1

[Event "Niedersachsen-ch"]
[Site "Verden"]
[Date "2016.01.05"]
[Round "5"]
[White "Kleinschroth, Roland"]
[Black "Boehm, Jana"]
[Result "1-0"]
[WhiteElo "2140"]
[BlackElo "1930"]
[PlyCount "83"]
[EventDate "2016.01.03"]
[EventType "swiss"]
[EventRounds "7"]
[EventCountry "GER"]
[SourceTitle "EXT 2018"]
[Source "ChessBase"]
[SourceDate "2017.10.13"]
[SourceVersion "1"]
[SourceVersionDate "2017.10.13"]
[SourceQuality "1"]

1. e4 e6 2. d3 d5 3. Nd2 c5 4. Ngf3 Nf6 5. Be2 Be7 6. 0-0 Nc6 7. c3 0-0 8. Re1 b6 9. Bf1 Qc7 10. g3 dxe4 11. dxe4 e5 12. Qc2 Be6 13. Nc4 b5 14. Ne3 c4 15. Ng5 Bc8 16. a4 Na5 17. axb5 h6 18. Nf3 Bb7 19. Nd2 Nb3 20. Nxb3 cxb3 21. Qxb3 Bxe4 22. Bg2 Bxg2 23. Nxg2 Rab8 24. Be3 Bc5 25. Qc4 Rfc8 26. Bxc5 Qxc5 27. Qxc5 Rxc5 28. Rxa7 Rbxb5 29. Re2 Rb3 30. f3 Rcb5 31. Ra2 Kf8 32. Ne3 Nd7 33. Rd2 Nb6 34. Nf5 f6 35. Rd8+ Kf7 36. Ra7+ Kg6 37. Nh4+ Kh5 38. Rxg7 Rxb2 39. Rd1 Nc4 40. Ng2 Rxg2+ 41. Kxg2 Ne3+ 42. Kh3 1-0

[Event "EU-ch U18 Girls 25th"]
[Site "Porec"]
[Date "2015.09.29"]
[Round "8"]
[White "Boehm, Jana"]
[Black "Arvai, Eszter"]
[Result "1-0"]
[WhiteElo "1939"]
[BlackElo "2006"]
[PlyCount "77"]
[EventDate "2015.09.21"]
[EventType "swiss"]
[EventRounds "9"]
[EventCountry "CRO"]
[SourceTitle "EXT 2016"]
[Source "ChessBase"]
[SourceDate "2015.10.08"]
[SourceVersion "1"]
[SourceVersionDate "2015.10.08"]
[SourceQuality "1"]

1. e4 e5 2. Nf3 Nc6 3. Bb5 a6 4. Ba4 Nf6 5. 0-0 Be7 6. Re1 b5 7. Bb3 d6 8. c3 0-0 9. h3 Nb8 10. d4 Nbd7 11. Nbd2 Bb7 12. Bc2 c5 13. d5 Qc7 14. Nf1 Rfb8 15. Ng3 Bf8 16. Nf5 c4 17. Nh2 Nc5 18. Bg5 Ne8 19. Qf3 Bc8 20. a3 a5 21. Qg3 Bxf5 22. exf5 f6 23. Be3 Nd3 24. Bxd3 cxd3 25. Rad1 Qc4 26. Bc1 Qxd5 27. Rxd3 Qb7 28. Red1 Rd8 29. Ng4 d5 30. Be3 b4 31. axb4 axb4 32. cxb4 d4 33. f4 dxe3 34. Rxd8 e2 35. R1d7 Qb6+ 36. Kh2 Rxd8 37. Nh6+ Kh8 38. Nf7+ Kg8 39. Qb3 1-0

[Event "GER-ch U18 Girls"]
[Site "Willingen"]
[Date "2015.05.27"]
[Round "6"]
[White "Heinemann, Josefine"]
[Black "Boehm, Jana"]
[Result "1-0"]
[WhiteElo "2240"]
[BlackElo "1932"]
[PlyCount "54"]
[EventDate "2015.05.24"]
[EventType "swiss"]
[EventRounds "9"]
[EventCountry "GER"]
[SourceTitle "CBM 166 Extra"]
[Source "ChessBase"]
[SourceDate "2015.06.18"]
[SourceVersion "1"]
[SourceVersionDate "2015.06.18"]
[SourceQuality "1"]

1. e4 c5 2. Nf3 d6 3. d4 cxd4 4. Nxd4 Nf6 5. Nc3 a6 6. Bg5 e6 7. f4 Qb6 8. Qd2 Qxb2 9. Rb1 Qa3 10. e5 h6 11. Bh4 dxe5 12. fxe5 Nfd7 13. Be2 Be7 14. Bxe7 Qxe7 15. 0-0 Nxe5 16. Ne4 0-0 17. Rb3 Nbc6 18. Nxc6 Nxc6 19. Nf6+ gxf6 20. Qxh6 Qc5+ 21. Kh1 Qg5 22. Rg3 Qxg3 23. hxg3 f5 24. Rf4 Re8 25. Rh4 f6 26. Qg6+ Kf8 27. Rh8+ Ke7 1-0

[Event "Niedersachsen-ch op-A"]
[Site "Verden"]
[Date "2015.01.04"]
[Round "5"]
[White "Boehm, Jana"]
[Black "Lange, Torsten"]
[Result "0-1"]
[WhiteElo "1827"]
[BlackElo "1997"]
[PlyCount "88"]
[EventDate "2015.01.02"]
[EventType "swiss"]
[EventRounds "7"]
[EventCountry "GER"]
[SourceTitle "EXT 2018"]
[Source "ChessBase"]
[SourceDate "2017.10.13"]
[SourceVersion "1"]
[SourceVersionDate "2017.10.13"]
[SourceQuality "1"]

1. e4 c5 2. Nf3 Nf6 3. Nc3 d5 4. e5 d4 5. exf6 dxc3 6. fxg7 cxd2+ 7. Bxd2 Bxg7 8. c3 Nc6 9. Qc2 Bg4 10. Ng5 Bh5 11. Qf5 Qd6 12. Ne4 Qe5 13. Qxe5 Nxe5 14. Nxc5 0-0-0 15. f3 Rd5 16. Nb3 Rhd8 17. 0-0-0 Nxf3 18. gxf3 Bxf3 19. Bh3+ e6 20. Rhg1 Bxd1 21. Kxd1 Bh6 22. Nd4 Bxd2 23. Kxd2 Rh5 24. Rg3 Kc7 25. Kc2 e5 26. Nf3 e4 27. Nd4 Rdd5 28. Kd2 Kd6 29. Ke3 Ke5 30. Bg2 f5 31. Rh3 f4+ 32. Kf2 Rxh3 33. Bxh3 Rd6 34. Bg2 Rh6 35. h3 f3 36. Bf1 Kf4 37. Nc2 Rd6 38. Nd4 e3+ 39. Ke1 Rg6 40. h4 Rg1 41. c4 e2 42. Nxe2+ Ke3 43. Ng3 f2+ 44. Kd1 Rxg3 0-1